| 000 | 00457nam a2200097Ia 4500 | ||
|---|---|---|---|
| 008 | 180130s9999 xx 000 0 und d | ||
| 245 |
_cEstrella, Marisol; Renaud, Fabrice G.; Sudmeier-Rieux, Karen _aOpportunities, challenges and future perspectives for ecosystem-based disaster risk reduction |
||
| 260 | _c2013 | ||
| 300 | _aBook title: The role of ecosystems in disaster risk reduction--Acession number C17927; pages 437-456 | ||
| 650 | _aECOSYSTEM MANAGEMENT | ||
| 999 |
_c354562 _d354562 |
||